Образки з життя: твори Панаса Мирного (Запис № 313952)

МАРК-запис
000 -Лідер
fixed length control field 00714nam a22002417a 4500
001 - Контрольний номер
control field 27603
003 - Ідентифікатор контрольного номера
control field UA-OsUOA
005 - Дата та час останнього входження (трансакції)
control field 20210729154553.0
007 - Фіксоване поле фізичного опису
fixed length control field ta
008 - Елементи даних фіксованої довжини – загальна інформація
fixed length control field 20040908b un ||||| |||| 00| 0 ukr d
020 ## - Міжнародний стандартний книжковий номер (ISBN)
Міжнародний стандартний книжковий номер (ISBN) (НП) 9668066219
040 ## - Джерело каталогізації
Агенція оригінальної каталогізації UA-OsUOA
Мова каталогізації ukr
Агенція, яка здійснювала перезапис UA-OsUOA
Агенція, яка здійснювала модифікацію UA-OsUOA
041 ## - Код мови
Код мови тексту/ звукової доріжки чи окремого заголовка (П) ukr
044 ## - Код країни видавця/ виробника
Код країни видавця/ виробника (П) UA
080 ## - Індекс Універсальної десяткової класифікації
Індекс Універсальної десяткової класифікації (УДК) (НП) 821.161.2(075.3)
090 ## - Локальний шифр розміщення
Класифікаційний індекс УДК 821.161.2(075.3)
Авторський знак (НП) О-23
245 ## - Відомості про назву
Назва (НП) Образки з життя: твори Панаса Мирного
Решта назви (НП) навч. посібник: в 2-х книгах
Дані про відповідальність (НП) ред. О. Г. Мукомели
Номер частини/ розділу роботи (П) Кн.1
260 ## - Публікація, розповсюдження і т.п. (Вихідні дані)
Місце публікації, розповсюдження і т.п. (П) Київ
Ім’я/ наймення видавництва, розповсюджувача і т.п. (П) Грамота
Дата публікації, розповсюдження і т.п. (П) 2003
300 ## - Фізичний опис
Обсяг 496 с.
650 #7 - Додаткове предметне введення – тематичний термін
Джерело заголовка чи терміна UDC
Тематичний термін чи географічна назва, як елемент введення (НП) 82 Література
942 ## - Додаткові елементи входу (Коха)
Тип елемента Koha Книги
Source of classification or shelving scheme Universal Decimal Classification
955 ## - Код типу видання за змістом
Код типу видання за змістом (НП) Навчальні видання
Фонди
Стан вилучень Стан втрат Джерело класифікації або схеми стелажів Стан уражень Не для кредиту Постійне місце розташування Поточне розміщення Дата придбання Інвентарний номер Усього замовленно Повний номер виклику Штрих-код Дата останнього перегляду Ціна ефективна від Тип елемента Koha Вартість, звичайна ціна покупки
    Universal Decimal Classification     АБ - Абонемент НБ АБ - Абонемент НБ 10/07/2006 83449   821.161.2(075.3) О-23 83449 04/04/2022 08/09/2004 Книги  
    Universal Decimal Classification     АБ - Абонемент НБ АБ - Абонемент НБ 10/07/2006 83450   821.161.2(075.3) О-23 83450 04/04/2022 08/09/2004 Книги  
    Universal Decimal Classification     АБ - Абонемент НБ АБ - Абонемент НБ 08/09/2004 93333   821.161.2(075.3) О-23 93333 04/04/2022 08/09/2004 Книги 7.86
    Universal Decimal Classification     АБ - Абонемент НБ АБ - Абонемент НБ 08/09/2004 93334   821.161.2(075.3) О-23 93334 04/04/2022 08/09/2004 Книги 7.86
    Universal Decimal Classification     АБ - Абонемент НБ АБ - Абонемент НБ 08/09/2004 93335   821.161.2(075.3) О-23 93335 04/04/2022 08/09/2004 Книги 7.86
    Universal Decimal Classification     ЧЗ - Читальна зала ЧЗ - Читальна зала 10/05/2005 84920   821.161.2(075.3) О-23 84920 17/11/2021 08/09/2004 Книги 7.03